How well can you name the Paldean Pokemon? - Statistics

General Stats
  • This quiz has been taken 14 times
  • The average score is 81 of 120
Answer Stats
Hint Answer % Correct
910 Crocalor
92%
907 Floragato
92%
909 Fuecoco
92%
908 Meowscarada
92%
912 Quaxly
92%
930 Arboliva
83%
929 Dolliv
83%
914 Quaquaval
83%
913 Quaxwell
83%
911 Skeledirge
83%
906 Sprigatito
83%
961 Wugtrio
83%
979 Annihilape
75%
936 Armarouge
75%
998 Baxcalibur
75%
962 Bombirdier
75%
947 Brambleghast
75%
946 Bramblin
75%
986 Brute Bonnet
75%
951 Capsakid
75%
937 Ceruledge
75%
935 Charcadet
75%
980 Clodsire
75%
927 Dachsbun
75%
977 Dondozo
75%
956 Espathra
75%
981 Farigiraf
75%
926 Fidough
75%
963 Finizen
75%
955 Flittle
75%
987 Flutter Mane
75%
934 Garganacl
75%
941 Kilowattrel
75%
915 Lechonk
75%
964 Palafin
75%
921 Pawmi
75%
954 Rabsca
75%
985 Scream Tail
75%
928 Smoliv
75%
917 Tarountula
75%
948 Toedscool
75%
940 Wattrel
75%
960 Wiglett
75%
1018 Archaludon
67%
997 Arctibax
67%
975 Cetitan
67%
974 Cetoddle
67%
1002 Chien-Pao
67%
1004 Chi-Yu
67%
973 Flamigo
67%
996 Frigibax
67%
1000 Gholdengo
67%
999 Gimmighoul
67%
969 Glimmet
67%
992 Iron Hands
67%
994 Iron Moth
67%
1006 Iron Valiant
67%
950 Klawf
67%
920 Lokix
67%
943 Mabosstiff
67%
942 Maschiff
67%
925 Maushold
67%
932 Nacli
67%
933 Naclstack
67%
919 Nymble
67%
916 Oinkologne
67%
922 Pawmo
67%
923 Pawmot
67%
953 Rellor
67%
1005 Roaring Moon
67%
952 Scovillain
67%
918 Spidops
67%
931 Squawkabilly
67%
938 Tadbulb
67%
924 Tandemaus
67%
978 Tatsugiri
67%
957 Tinkatink
67%
976 Veluza
67%
939 Bellibolt
58%
1011 Dipplin
58%
1016 Fezandipiti
58%
970 Glimmora
58%
1020 Gouging Fire
58%
945 Grafaiai
58%
984 Great Tusk
58%
971 Greavard
58%
972 Houndstone
58%
1019 Hydrapple
58%
1022 Iron Boulder
58%
991 Iron Bundle
58%
1023 Iron Crown
58%
993 Iron Jugulis
58%
1010 Iron Leaves
58%
995 Iron Thorns
58%
990 Iron Treads
58%
983 Kingambit
58%
1007 Koraidon
58%
1008 Miraidon
58%
1015 Munkidori
58%
1017 Ogerpon
58%
1014 Okidogi
58%
968 Orthworm
58%
1021 Raging Bolt
58%
966 Revavroom
58%
989 Sandy Shocks
58%
944 Shroodle
58%
988 Slither Wing
58%
1024 Terapagos
58%
1003 Ting-Lu
58%
959 Tinkaton
58%
958 Tinkatuff
58%
965 Varoom
58%
1009 Walking Wake
58%
1001 Wo-Chien
58%
982 Dudunsparce
50%
1025 Pecharunt
50%
1012 Poltchageist
50%
1013 Sinistcha
50%
949 Toedscruel
50%
967 Cyclizar
42%
No matching quizzes found
Score Distribution
Percent of People with Each Score
Percentile by Number Answered
Your Score History
You have not taken this quiz